00207nam a2200073Ia 4500008004100000100001700041245005300058260002200111120527s9999 xx 000 0 und d aLOVEJOY, P.E aCaravans of kola: the hausa kola Trade 1700-1900 bAhmadu Bello Uni.